000 01177 a2200241 4500
001 40456
005 20260407155658.0
008 260407a2012 arg spa d
003 AR-UNSa-BCEJYS
040 _aAR-UNSa-BCEJYS
_bspa
_cAR-UNSa-BCEJYS
080 _a657.3
_xPresupuestos. Cierre de Cuentas. Balances (Estados Contables)
245 1 0 _aAnálisis e interpretación de estados contables
_píndices económicos y financieros. estudios de casos
020 _a978-987-01-1426-0
264 1 _aBuenos Aires :
_bErrepar
_c2012
300 _a151 p.
_c21 cm.
505 _a1. Objetivos, fuentes de la información y contenidos - 2. Composición vertical. Estructura - 3. Análisis horizontal. Tendencia - 4. Rentabilidad - 5. Márgenes y rotaciones - 6. Liquidez corriente - 7. Liquidez seca - 8. Liquidez total - 9. Solvencia y endeudamiento - 10. Financiación de la inmovilización - 11. Caso práctico resumen
041 _aspa
942 _cBK
590 _aniveau_biblio:m niveau_hierar:0
100 1 _aSenderovich, Isaac Aizik
700 1 _aTelias, Alejandro J.
856 4 1 _uhttps://biblioeco.unsa.edu.ar/pmb/images/libros/L125914.jpg
_yImagen de portada
_qimage/jpeg
999 _c3221
_d3221